Boj s klimatickou změnou a riziko blackoutů

Vplyv extrémneho počasia na funkčnosť prenosových sústav. Najväčší výpadok elektriny v Indii a séria blackoutov v Kalifornii. Reakcie na krízové situácie spojené s výpadkami elektriny a poučenie pre Európu.

Salvato in:
Dettagli Bibliografici
Autore principale: David, Dominik
Altri autori: Svozil, Martin
Natura: Capitolo di libro
Lingua:ceco
Soggetti:
Tags: Aggiungi Tag
Nessun Tag, puoi essere il primo ad aggiungerne!!

MARC

LEADER 00000naa a2200000 4500
001 0278341
005 20210907132808.3
041 0 |a cze 
044 |a CZ 
245 1 0 |a Boj s klimatickou změnou a riziko blackoutů  |c Dominik David, Martin Svozil 
520 |a Vplyv extrémneho počasia na funkčnosť prenosových sústav. Najväčší výpadok elektriny v Indii a séria blackoutov v Kalifornii. Reakcie na krízové situácie spojené s výpadkami elektriny a poučenie pre Európu. 
610 2 0 |a elektroenergetika 
610 2 0 |a elektrárne 
610 2 0 |a klimatológia 
610 2 0 |a prostredie životné 
610 2 0 |a elektrina 
610 2 0 |a Európa 
100 1 |a David, Dominik 
700 1 |a Svozil, Martin